[Event "World Rapid Women 2022"]
[Site "Almaty KAZ"]
[Date "2022.12.28"]
[Round "11.35"]
[White "Gaboyan, Susanna"]
[Black "Kirchei, Viktoriia"]
[Result "1-0"]
[WhiteTitle "WIM"]
[BlackTitle "WFM"]
[WhiteElo "2200"]
[BlackElo "2070"]
[WhiteFideId "13303627"]
[BlackFideId "34133396"]
[EventDate "2022.12.26"]

1. Nf3 Nf6 2. g3 d5 3. Bg2 c6 4. O-O Bg4 5. d3 Nbd7 6. Nbd2 e5 7. e4 Bd6 8. c3
O-O 9. b4 d4 10. cxd4 Bxb4 11. Qb3 Bxd2 12. Bxd2 exd4 13. Qxb7 c5 14. h3 Bxf3
15. Bxf3 Ne5 16. Be2 c4 17. dxc4 d3 18. Bd1 Nxc4 19. Bf4 Qd4 20. Bf3 Ne5 21.
Bxe5 Qxe5 22. Rad1 Qd4 23. e5 Rab8 24. Qa6 Qxe5 25. Rxd3 Qc5 26. Ra3 Qf5 27. Kg2
Ne4 28. Qd3 Rbe8 29. Re1 Nxg3 30. Rxe8 Rxe8 31. fxg3 Qe5 32. Rc3 Qe1 33. Rc2 Rb8
34. Qd6 Re8 35. Qa6 1-0

[Event "World Rapid Women 2022"]
[Site "Almaty KAZ"]
[Date "2022.12.28"]
[Round "11.36"]
[White "Nomin-Erdene, Davaademberel"]
[Black "Mikheeva, Galina"]
[Result "1-0"]
[WhiteTitle "IM"]
[BlackTitle "WFM"]
[WhiteElo "2384"]
[BlackElo "1969"]
[WhiteFideId "4900782"]
[BlackFideId "44108320"]
[EventDate "2022.12.26"]

1. f4 d5 2. Nf3 c5 3. g3 Nc6 4. Bg2 g6 5. O-O Bg7 6. d3 Nf6 7. c3 O-O 8. Na3 a6
9. Qe1 b5 10. e4 dxe4 11. dxe4 Bb7 12. e5 Nd5 13. Ng5 c4 14. Qf2 e6 15. Ne4 Qe7
16. Nc2 Rad8 17. Ne3 f6 18. Nxd5 exd5 19. exf6 Bxf6 20. Nxf6+ Qxf6 21. Be3 Rfe8
22. Rad1 Ne7 23. Bd4 Qf7 24. g4 Nc6 25. Bb6 Rd7 26. f5 Ne5 27. Qg3 Nd3 28. Bd4
g5 29. h4 h6 30. Rd2 Nf4 31. Rxf4 gxf4 32. Qxf4 Qh7 33. Bf3 Re1+ 34. Kh2 Rde7
35. Rg2 Kf7 36. Qd6 Qg8 37. g5 Qc8 38. Bh5+ Kg8 39. gxh6+ Kf8 40. Qf6+ 1-0

[Event "World Rapid Women 2022"]
[Site "Almaty KAZ"]
[Date "2022.12.28"]
[Round "11.37"]
[White "Kovanova, Baira"]
[Black "Nomindalai, Tumurbaatar"]
[Result "1-0"]
[WhiteTitle "WGM"]
[BlackTitle "CM"]
[WhiteElo "2317"]
[BlackElo "2132"]
[WhiteFideId "4164083"]
[BlackFideId "4904095"]
[EventDate "2022.12.26"]

1. e4 c5 2. Nf3 Nc6 3. Bb5 g6 4. O-O Bg7 5. Re1 Nf6 6. e5 Nd5 7. Nc3 Nc7 8. Bxc6
dxc6 9. Ne4 Ne6 10. d3 O-O 11. Be3 b6 12. Qd2 Re8 13. Bh6 Bh8 14. Ng3 Nd4 15.
Ng5 Nf5 16. Nxf5 Bxf5 17. Rad1 Qd4 18. c3 Qh4 19. Nf3 Qh5 20. Qf4 Rad8 21. d4
cxd4 22. Rxd4 Rxd4 23. Nxd4 c5 24. Nxf5 Qxf5 25. Qxf5 gxf5 26. Re3 f4 27. Bxf4
Rd8 28. Kf1 Bg7 29. Ke2 c4 30. Re4 b5 31. Rd4 Rxd4 32. cxd4 e6 33. a3 Kf8 34.
Kd2 Ke8 35. Kc3 Bf8 36. a4 a6 37. axb5 axb5 38. d5 1-0

[Event "World Rapid Women 2022"]
[Site "Almaty KAZ"]
[Date "2022.12.28"]
[Round "11.38"]
[White "Lhotska, Anna"]
[Black "Petrova, Irina"]
[Result "1-0"]
[WhiteTitle "WFM"]
[BlackTitle "WIM"]
[WhiteElo "2159"]
[BlackElo "2123"]
[WhiteFideId "376183"]
[BlackFideId "14124122"]
[EventDate "2022.12.26"]

1. e4 d6 2. d4 Nf6 3. Nc3 e5 4. Nf3 Nbd7 5. Rg1 g6 6. g4 Bg7 7. g5 Nh5 8. Be3
O-O 9. Qd2 c6 10. a3 Qa5 11. O-O-O b5 12. d5 Nc5 13. dxc6 b4 14. Nd5 Nxe4 15.
Qxb4 Qxb4 16. axb4 Be6 17. b5 f5 18. Nc7 Bf7 19. Nxa8 Rxa8 20. c4 f4 21. Bxa7
Rxa7 22. b6 Ra1+ 23. Kc2 Ra6 24. b7 Rb6 25. c7 1-0

[Event "World Rapid Women 2022"]
[Site "Almaty KAZ"]
[Date "2022.12.28"]
[Round "11.39"]
[White "Foudzi, Siti Zulaikha"]
[Black "Tereladze, Sopio"]
[Result "0-1"]
[WhiteTitle "WIM"]
[BlackTitle "WIM"]
[WhiteElo "2136"]
[BlackElo "2215"]
[WhiteFideId "5700965"]
[BlackFideId "13600486"]
[EventDate "2022.12.26"]

1. e4 e5 2. Nf3 Nc6 3. Bb5 a6 4. Ba4 Nf6 5. Qe2 b5 6. Bb3 Be7 7. c3 O-O 8. O-O
d5 9. d3 Re8 10. h3 h6 11. Rd1 Be6 12. Nbd2 Qd7 13. Nf1 Rad8 14. Ng3 Bf8 15. Be3
g6 16. Qc2 Bg7 17. a4 Qe7 18. axb5 axb5 19. Ra6 Nb8 20. Ra5 c6 21. Ra7 Rd7 22.
Rda1 Nh7 23. Rxd7 Nxd7 24. Ra7 f5 25. Bb6 Ng5 26. Qe2 dxe4 27. Nxg5 Bxb3 28.
dxe4 hxg5 29. exf5 Qd6 30. Ne4 Qd5 31. f6 Nxf6 32. Nxg5 e4 33. h4 Qf5 34. Bd4
Bd5 35. g4 Qf4 0-1

[Event "World Rapid Women 2022"]
[Site "Almaty KAZ"]
[Date "2022.12.28"]
[Round "11.40"]
[White "Paramzina, Anastasya"]
[Black "Kaliakhmet, Elnaz"]
[Result "1-0"]
[WhiteTitle "WGM"]
[BlackTitle "WFM"]
[WhiteElo "2227"]
[BlackElo "1786"]
[WhiteFideId "4165012"]
[BlackFideId "13730169"]
[EventDate "2022.12.26"]

1. e4 c5 2. Nf3 e6 3. b3 b6 4. Bb2 Bb7 5. Nc3 d6 6. d4 cxd4 7. Qxd4 Nf6 8. O-O-O
Nc6 9. Bb5 Nd7 10. Qe3 Qc7 11. Kb1 Rc8 12. Bxc6 Qxc6 13. Nd4 Qc5 14. Qg3 Nf6 15.
f3 Be7 16. Ndb5 d5 17. exd5 Nxd5 18. Nxd5 Bxd5 19. Qxg7 Rf8 20. c4 Bc6 21. Ka1
Bxb5 22. cxb5 Qxb5 23. Qxh7 a5 24. Qe4 Qa6 25. Rc1 Rg8 26. Rxc8+ Qxc8 27. Rc1
Qd8 28. g4 Bc5 29. h4 Qxh4 30. Rd1 Be7 31. Qc6+ Kf8 32. Qc8+ Bd8 33. Rxd8+ Ke7
34. Qd7# 1-0

[Event "World Rapid Women 2022"]
[Site "Almaty KAZ"]
[Date "2022.12.28"]
[Round "11.41"]
[White "Frayna, Janelle Mae"]
[Black "Serikbay, Assel"]
[Result "1-0"]
[WhiteTitle "WGM"]
[BlackTitle "WIM"]
[WhiteElo "2265"]
[BlackElo "2230"]
[WhiteFideId "5212499"]
[BlackFideId "13706799"]
[EventDate "2022.12.26"]

1. e4 c5 2. Nf3 d6 3. Bb5+ Nd7 4. d4 cxd4 5. Qxd4 Nf6 6. c4 e6 7. Nc3 Be7 8.
Bxd7+ Bxd7 9. Bg5 Qc7 10. O-O O-O 11. Rfd1 Rfd8 12. Rac1 Bc6 13. b4 b6 14. Nd5
Bxd5 15. cxd5 Qd7 16. Rc6 exd5 17. exd5 Qf5 18. h3 h6 19. Bxf6 Bxf6 20. Qg4 Qxg4
21. hxg4 b5 22. Ra6 Rac8 23. Rxa7 Rc4 24. a3 Rxg4 25. Rc1 Rc4 26. Rxc4 bxc4 27.
Rc7 Ra8 28. b5 Rxa3 29. b6 Rb3 30. b7 Kh7 31. Nd2 Rb4 32. Nxc4 Rb1+ 33. Kh2 Bc3
34. g3 Kg6 35. Na3 Ba5 36. Rd7 Rb3 37. Nc4 Be1 38. Rxd6+ Kf5 39. Rb6 1-0

[Event "World Rapid Women 2022"]
[Site "Almaty KAZ"]
[Date "2022.12.28"]
[Round "11.42"]
[White "Mikhaylova, Irina"]
[Black "Machlik, Monika"]
[Result "1/2-1/2"]
[WhiteTitle "WGM"]
[WhiteElo "2257"]
[BlackElo "2114"]
[WhiteFideId "4109040"]
[BlackFideId "1513621"]
[EventDate "2022.12.26"]

1. d4 Nf6 2. Nf3 e6 3. c4 Bb4+ 4. Nbd2 d6 5. g3 Nc6 6. Bg2 a5 7. O-O e5 8. a3
Bxd2 9. Qxd2 O-O 10. d5 Ne7 11. b3 a4 12. b4 b5 13. cxb5 Nfxd5 14. Rd1 Bb7 15.
Bb2 Qe8 16. Rac1 Rc8 17. Qc2 Qxb5 18. Ng5 g6 19. Bh3 f5 20. e4 Nb6 21. exf5 Nxf5
22. Ne6 Rf7 23. Bxf5 gxf5 24. Ng5 Rf6 25. f4 Nd7 26. fxe5 Nxe5 27. Bxe5 Qxe5 28.
Qc4+ d5 29. Qf4 Qxf4 30. gxf4 h6 31. Nf3 Rg6+ 32. Kf2 Rg4 33. Rg1 Kf8 34. Rxg4
fxg4 35. Ne5 h5 36. Nd7+ Kg7 37. Nc5 Rb8 38. Nxa4 c6 39. Nc5 Bc8 40. Re1 Kf6 41.
Re8 Ra8 42. Rh8 Kg7 43. Rd8 Kf7 44. Rh8 Kg7 45. Rd8 Kf7 46. a4 h4 47. Rh8 h3 48.
a5 Rb8 49. Nd7 Rxb4 50. Rxc8 Rxf4+ 51. Kg3 Ra4 52. Ne5+ Ke6 53. Nxc6 Kd7 54. Rg8
Kxc6 55. Rxg4 Ra3+ 56. Kh4 Rxa5 57. Kxh3 Kc5 58. Rg8 Ra2 59. Kg3 d4 60. Rc8+ Kd5
61. h4 Re2 62. h5 Re6 63. Rd8+ Kc4 64. Kf4 d3 65. Kf5 Ra6 66. Ke4 Re6+ 67. Kf5
Re1 68. h6 Rh1 69. Kg6 Kc3 70. h7 d2 71. Kg7 Rxh7+ 72. Kxh7 Kc2 73. Rxd2+ Kxd2 1/2-1/2

[Event "World Rapid Women 2022"]
[Site "Almaty KAZ"]
[Date "2022.12.28"]
[Round "11.43"]
[White "Bayasgalan, Khishigbaatar"]
[Black "Balakanova, Bakhyt"]
[Result "1-0"]
[WhiteTitle "WCM"]
[BlackTitle "WFM"]
[WhiteElo "1811"]
[BlackElo "2005"]
[WhiteFideId "4904311"]
[BlackFideId "13705881"]
[EventDate "2022.12.26"]

1. d4 d6 2. Nc3 g6 3. e4 Bg7 4. g3 Nd7 5. Bg2 e5 6. Nge2 Ne7 7. O-O O-O 8. dxe5
dxe5 9. Nd5 Nxd5 10. Qxd5 c6 11. Qd6 Qb6 12. b3 a5 13. Be3 Qa6 14. Nc3 Re8 15.
Rfd1 b5 16. Qc7 Nf8 17. Rd6 Bb7 18. Qb6 Qxb6 19. Bxb6 Ne6 20. Rd2 Nd4 21. f4 Ne6
22. f5 Nd4 23. Rf2 Bh6 24. Nd1 a4 25. c3 Nxb3 26. axb3 axb3 27. Rb1 Ra3 28. Be3
Bf8 29. fxg6 fxg6 30. Rfb2 Rd8 31. Nf2 Rda8 32. Bh3 c5 33. Rxb3 Rxb3 34. Rxb3 b4
35. cxb4 cxb4 36. Be6+ Kg7 37. Bd5 Ra1+ 38. Kg2 Ba6 39. g4 Be7 40. g5 Re1 41. h4
Bb5 42. Bd2 Bf1+ 43. Kf3 Be2+ 44. Kg2 Bf1+ 45. Kg3 Ra1 46. Bxb4 Bd8 47. Rf3 Ra7
48. Bf8+ Kh8 49. Bc5 Rd7 50. Rf8+ Kg7 51. Rg8# 1-0

[Event "World Rapid Women 2022"]
[Site "Almaty KAZ"]
[Date "2022.12.28"]
[Round "11.44"]
[White "Bauyrzhan, Arnash"]
[Black "Madi, Aidana"]
[Result "0-1"]
[WhiteElo "2041"]
[BlackElo "1583"]
[WhiteFideId "13706322"]
[BlackFideId "13722689"]
[EventDate "2022.12.26"]

1. e4 c5 2. Nf3 d6 3. Bb5+ Bd7 4. Bxd7+ Nxd7 5. O-O g6 6. c3 Ngf6 7. Qe2 Bg7 8.
d4 e6 9. Rd1 Qc7 10. Na3 a6 11. Bf4 Nh5 12. Bg5 h6 13. Be3 O-O 14. h3 Rad8 15.
Rac1 Rfe8 16. Nb1 d5 17. e5 f6 18. g4 fxe5 19. gxh5 g5 20. dxe5 Nxe5 21. Nxe5
Qxe5 22. Qg4 Rf8 23. Bxc5 Rf4 24. Qg3 Qf5 25. Qd3 Re4 26. f3 Re1+ 27. Kf2 Qxd3
28. Rxd3 Rxc1 29. Na3 b5 30. Be3 Rh1 31. Kg2 Re1 32. Kf2 Ra1 33. Nc2 Rxa2 34.
Bc1 a5 35. h4 gxh4 36. Nd4 Bxd4+ 37. Rxd4 e5 38. Rxh4 Rd6 39. Rg4+ Kf7 40. Ke2
Ra4 41. f4 Rf6 42. b4 exf4 43. Bd2 f3+ 44. Kf2 axb4 45. cxb4 Ra7 46. Rd4 Re7 47.
Rxd5 Re2+ 48. Kf1 Rh2 49. Be3 Rh1+ 50. Kf2 Rh2+ 51. Kf1 Re2 52. Bc5 Rfe6 53.
Rf5+ Rf6 54. Rd5 Re4 55. Rd7+ Ke8 56. Rh7 Rc4 57. Re7+ Kd8 58. Re3 Rf7 59. Rd3+
Kc8 60. Rd6 Rc1+ 61. Kf2 Rc2+ 62. Kf1 f2 63. Rd1 Rf5 64. Be3 Rxh5 65. Rc1 Rxc1+
66. Bxc1 Rh1+ 0-1

[Event "World Rapid Women 2022"]
[Site "Almaty KAZ"]
[Date "2022.12.28"]
[Round "11.45"]
[White "Martins de Aguiar, Marina"]
[Black "Kim, Kristina"]
[Result "0-1"]
[BlackTitle "WCM"]
[WhiteElo "1877"]
[BlackElo "1930"]
[WhiteFideId "2143321"]
[BlackFideId "13712438"]
[EventDate "2022.12.26"]

1. e4 Nf6 2. e5 Nd5 3. c4 Nb6 4. d4 d6 5. exd6 cxd6 6. Nc3 g6 7. h3 Bg7 8. Nf3
O-O 9. Be2 Nc6 10. O-O e5 11. dxe5 dxe5 12. Bg5 f6 13. Be3 Be6 14. b3 f5 15. Rc1
e4 16. Ng5 Bf7 17. Nxf7 Rxf7 18. c5 Nd7 19. Bc4 Nde5 20. Bxf7+ Kxf7 21. Nb5 Nd3
22. Nd6+ Kf8 23. Rb1 Qe7 24. f3 Kg8 25. fxe4 fxe4 26. Rf7 Qe5 27. Rxb7 Ncb4 28.
Qg4 Nd5 29. Bg5 Nxc5 30. Rxg7+ Kxg7 31. Nc4 Qf5 32. Qg3 Ne6 33. Bd2 e3 34. Rf1
Nef4 35. Qf3 exd2 36. Nxd2 Re8 37. Qf2 Ne2+ 38. Kh2 Qxf2 39. Rxf2 Nef4 40. Nc4
Nd3 41. Rd2 N3f4 42. Rd1 Re2 43. Rg1 Nc3 44. a4 Ne4 45. Na5 Nc5 46. Kg3 g5 47.
Kh2 a6 48. Kg3 Kg6 49. Kf3 Rb2 50. Rc1 Nce6 51. g3 Nxh3 52. Rc6 Kf6 53. Rxa6
Ng1+ 54. Ke3 Ne2 55. g4 Nf4 56. Ra7 h5 57. gxh5 Nxh5 58. Rh7 Nhg7 59. Rh6+ Kf5
60. Rh1 g4 61. Rf1+ Kg5 62. Rg1 Nf5+ 63. Ke4 Nc5+ 64. Ke5 Nxb3 65. Nc4 Re2+ 66.
Kd5 Ne3+ 67. Nxe3 Rxe3 68. Kc4 g3 69. Kb4 Kg4 70. a5 Nxa5 71. Kxa5 Rb3 72. Ka4
Rb8 73. Rc1 g2 74. Rc7 Rg8 75. Rc4+ Kg3 76. Rc3+ Kf4 77. Rc4+ Ke3 78. Rc3+ Kd2 0-1

[Event "World Rapid Women 2022"]
[Site "Almaty KAZ"]
[Date "2022.12.28"]
[Round "11.46"]
[White "Assylkhan, Asiya"]
[Black "Balakanova, Gulnar"]
[Result "1-0"]
[BlackTitle "WFM"]
[WhiteElo "1430"]
[BlackElo "1743"]
[WhiteFideId "13752707"]
[BlackFideId "13705890"]
[EventDate "2022.12.26"]

1. d4 Nf6 2. c4 g6 3. g3 Bg7 4. Bg2 d6 5. Nf3 O-O 6. Nc3 Nbd7 7. O-O e5 8. e3
Kh8 9. b3 Ng8 10. Ba3 f5 11. dxe5 Nxe5 12. Nxe5 Bxe5 13. Rc1 Nf6 14. Qd2 h6 15.
Bb2 Kh7 16. Rcd1 Qe7 17. Bc1 Bxc3 18. Qxc3 Ne4 19. Qd4 Bd7 20. f3 Ng5 21. Qd2
Bc6 22. h4 Ne6 23. Rde1 Rae8 24. Kh2 g5 25. hxg5 Qxg5 26. Qf2 Qh5+ 27. Kg1 Ng5
28. Re2 Bxf3 29. Rb2 Bxg2 30. Kxg2 Qh3+ 31. Kg1 Qg4 32. Kg2 Re5 33. Qf4 Qh3+ 34.
Kg1 Ne4 35. Rg2 Rg8 36. Rf3 Qh5 37. Bb2 Ng5 38. g4 Nxf3+ 39. Qxf3 Rxg4 40. Bxe5
Rxg2+ 41. Qxg2 dxe5 42. Qxb7 Qg5+ 43. Kf2 Qh4+ 44. Kf1 Qh3+ 45. Kf2 Qh2+ 46. Ke1
e4 47. Qxa7 Qg1+ 48. Kd2 Qf2+ 49. Kc3 Qe1+ 50. Kd4 Qg3 51. Qc5 Qg7+ 52. Qe5 Qd7+
53. Kc5 h5 54. Qf6 Qd6+ 55. Qxd6 cxd6+ 56. Kxd6 h4 57. c5 h3 58. c6 h2 59. c7
h1=Q 60. c8=Q Qh6+ 61. Ke5 Qxe3 62. Qxf5+ Kg7 63. Qxe4 Qc5+ 64. Qd5 Qe3+ 65. Kd6
Qb6+ 66. Qc6 Qd4+ 67. Kc7 Qa7+ 68. Qb7 Qxa2 69. Kc6+ Kf6 70. b4 Qc4+ 71. Kd6
Qd4+ 72. Kc7 Qf4+ 73. Kc8 Qg4+ 74. Kb8 Qg3+ 75. Ka7 Qf2+ 76. Qb6+ 1-0

[Event "World Rapid Women 2022"]
[Site "Almaty KAZ"]
[Date "2022.12.28"]
[Round "11.47"]
[White "Druzhinina, Olga"]
[Black "Samaganova, Aleksandra"]
[Result "1-0"]
[BlackTitle "WFM"]
[WhiteElo "2245"]
[BlackElo "1884"]
[WhiteFideId "4141911"]
[BlackFideId "13800221"]
[EventDate "2022.12.26"]

1. e4 c5 2. Nf3 e6 3. g3 Nc6 4. Bg2 Nf6 5. d3 d5 6. Qe2 Be7 7. O-O O-O 8. e5 Nd7
9. c4 Nb6 10. Rd1 f6 11. Na3 fxe5 12. cxd5 exd5 13. Nxe5 Nd4 14. Qe1 Bf6 15. f4
Re8 16. Rd2 Bg4 17. Nc2 Bxe5 18. fxe5 Nc6 19. Rf2 Nxe5 20. Qf1 Qd7 21. Bf4 Nc6
22. h3 Bh5 23. Re1 c4 24. Rxe8+ Rxe8 25. Ne3 cxd3 26. Qxd3 d4 27. Nc4 Nd5 28.
Bg5 Ndb4 29. Qd2 Bf7 30. b3 Nd5 31. Kh2 Nc3 32. Qf4 Bd5 33. Nd6 Rd8 34. Bxd8
Qxd8 35. Bxd5+ Nxd5 36. Qf7+ Kh8 37. Qf8+ 1-0